000 00600nam a22001457a 4500
020 _a9788857208701
040 _cNUST
082 _a739.27095 GEO
100 _aGeoffroy-Schneiter, Bérénice
_988954
110 _a Magliani, Mauro
_988955
245 _aAsian Jewellery:
_bEthnic Rings, Bracelets, Necklaces, Earrings, Belts, Head Ornaments from the Ghysels collection
260 _aNew York,
_bSkira,
_c2011.
650 _a Ghysels, Colette -- Art collections -- Catalogs. Ghysels, Jean-Pierre -- Art collections -- Catalogs. Ghysels family -- Art collections -- Catalogs
_988956
942 _2ddc
_cBK
999 _c587822
_d587822